Normal view MARC view
  • Galvis Arcila, Sebastian

Entry Nombre Personal

Number of records used in: 1

001 - NUMERO DE CONTROL

  • campo de control: 48091

003 - IDENTIFICADOR DE NUMERO DE CONTROL

  • campo de control: UPN

005 - FECHA Y HORA DE LA ÜLTIMA TRANSACCIÓN

  • campo de control: 20230427100529.0

008 - DATOS DE LONGITUD FIJA

  • campo de control de longitud fija: 230306|| acn||aabn | a|a d

024 ## - OTROS IDENTIFICADORES NORMALIZADOS

  • Fuente: orcid
  • Número normalizado o código: https://orcid.org/0000-0001-9326-8265

040 ## - FUENTE DE CATALOGACIÓN

  • Agencia original de catalogación: MX-MxUPN

100 1# - ENCABEZAMIENTO - NOMBRE PERSONAL

  • Nombre personal: Galvis Arcila, Sebastian

370 ## - LUGAR ASOCIADO

  • Place of birth: Manizales, Colombia

371 ## - DIRECCIÓN

  • Electronic mail address: sgalvisarci@uniminuto.edu.co

372 ## - CAMPO DE ACTIVIDAD

  • Field of activity: Ciencias sociales y humanas
  • Field of activity: Docencia

373 ## - GRUPO ASOCIADO

  • Associated group: Universidad Católica de Manizales. UNIMINUTO

374 ## - OCUPACIÓN

  • Occupation: Profesor universitario

670 ## - FUENTE EN LA QUE SE LOCALIZARON DATOS

  • Cita de la fuente: En recurso en línea Acción y reflexión educativa, No. 47 (2022):
  • Información localizada: página 262 (Sebastián Galvis Arcila)
  • Uniform Resource Identifier: https://revistas.up.ac.pa/index.php/accion_reflexion_educativa/article/view/2593/2345

902 ## - CATALOGADOR

  • Catalogador: RGJD/270423